00952nam a2200217 a 450000100100000000500170001000800410002702000150006804000250008324501240010826000750023230000210030749000560032850400190038470000420040370000410044571000630048683000630054995201050061299900170071700004135420201002034821.0131001s1993 sp 000 0 spa d a8476584008 aDO-SdBNPbspacBNPHU00aEstudiar la religión :bmateriales para una filosofía de la religión III /ceditores José Gómez ... [et al.]. aMadrid :bConsejo Superior de Investigaciones Científicas, :,c1993. a330 p. ;c20 cm.1 aPensamiento crítico / Pensamiento utópico ;v75 aBibliografía1 aGómez Caffarena, Joséeed.9679981 aMardones, José Maríaeed.9679992 aConsejo Superior de Investigaciones Científicas, :94786 0aPensamiento crítico / Pensamiento utópico ;n75968000 001050718MOaGRbGRcCTd2013-10-01iLF1l0o p41354-10r2020-06-25w2020-06-25y1ZNo se presta c40844d40844